Habitants des enfers dans la mythologie grecque - Statistiques

Statistiques générales
  • Ce quiz a été pris 199 fois
  • Le résultat moyen est 9 sur 14
Statistiques - réponses
Indices Réponses % Correct
maitre des enfers Hadès
99%
gardien des enfers Cerbère
95%
fille de Déméter, kidnappé par le précédent et reine des enfers Perséphone
91%
l'un des fils de Gaïa, il supporte la voute céleste Atlas
83%
passeur du Styx, il transporte les âmes du monde des mortels aux enfers Charon
80%
frère du dernier, un aigle lui dévore le foi tous les jours pour avoir volé le feu aux dieu Prométhée
74%
condamné à pousser une pierre au sommet d'une montagne Sisyphe
69%
fils de Gaïa et Ouranos, frères des précédents Titans
67%
ne peut ni boire ni manger pour avoir servi son fils aux Dieux Tantale
54%
ils ont forgé les armes des Olympiens Cyclope
53%
créatures aux 100 yeux et 100 bras Hécatonchire
47%
monstre le plus puissant de la mythologie et père de tous les monstres, enchainé sous le mont Etna Typhons
46%
condamné à remplir un tonneau percée pour avoir tué leur mari Danaïdes
40%
voulu séduire Héra, attaché à une roue enflammée Ixion
29%
Aucun quiz correspondant
Distribution des résultats
% des personnes avec chaque résultat
Percentile par nombre de réponses
Votre historique - résultats
Vous n’avez pas pris ce quiz